La crema de la ciencia ficción

Salvato in:
Dettagli Bibliografici
Autore principale: Aldiss, Brian W. (et. al.)
Natura: Libro
Lingua:Undetermined
Pubblicazione: Buenos Aires, Argentina Emecé 1986
Soggetti:
Tags: Aggiungi Tag
Nessun Tag, puoi essere il primo ad aggiungerne!!

MARC

LEADER 00000nam a2200000Ia 4500
008 170316s9999 xx 000 0 und d
999 |c 28693  |d 28693 
040 |a cru BVZT 
090 |a F-810 A-7c 
100 |a Aldiss, Brian W. (et. al.) 
245 |a La crema de la ciencia ficción 
260 |a Buenos Aires, Argentina 
260 |b Emecé 
260 |c 1986 
300 |a 398 páginas 
650 |a LITERATURA ESTADOUNIDENSE  |9 25 
650 |a FICCIÓN  |9 26 
650 |a EN IDIOMA ESPAÑOL 
650 |a CUENTOS ESTADOUNIDENSES 
942 |c 15 D  |h F-810 A-7c  |2 z